| 000 | 00387nam a2200145Ia 4500 | ||
|---|---|---|---|
| 008 | 230917s9999||||xx |||||||||||||| ||und|| | ||
| 040 |
_e50569 _aMAIN |
||
| 041 | _aEnglish | ||
| 082 | _a823 A14F:W | ||
| 100 | _aFisher, Marlene | ||
| 245 | 4 | _aThe wisdom of the heart: a study of the works of Mulk Raj Anand | |
| 260 |
_aNew Delhi _bSterling _c1980 |
||
| 300 | _axi, 207 p. | ||
| 942 | _cBK | ||
| 999 |
_c60260 _d60260 |
||